00997nam a2200289Mi 4500001001300000003000900013005001700022008004100039017003900080020001800119020001500137035002200152040004900174041001300223100002700236245016300263260003800426300002100464490002100485648003900506650001400545650001600559650003100575651004900606700003200655765002000687on1022580445Co-BoUCM20180409105214.0171214s2017 sp 000 e spa d aDL GR 794-2017bOficina DL Granada a9788490455289 a8490455287 a(OCoLC)1022580445 aCo-BoUCMbspaerdacSaul NiñodSaul Niño1 aspaheng1 aAnderson, Peterd1964-11a¿Amigo o enemigo?bocupación, colaboración y violencia selectiva en la Guerra Civil EspañolacPeter Anderson ; traducción: Vicente M. Jaén Águila aGranada (España)bComaresc2017 ax, 245 páginas1 aComares historia aGuerra Civil Española, 1936-1939 7aHistoria  7aFranquismo  7aPersecuciones políticas  aEspañaxHistoriay1936-1939 (Guerra civil)1 aJaén Águila, Vicente M. tFriend or foe?.